| 000 | 00466nam a2200181Ia 4500 | ||
|---|---|---|---|
| 001 | 8452 | ||
| 005 | 20260306160610.0 | ||
| 008 | 260306t1996||||xx |||||||||||||| ||spa|| | ||
| 041 | _aESP | ||
| 082 |
_a371.071 _bW44 |
||
| 100 |
_aWells, Ronald A. _eAUT |
||
| 245 | 0 |
_aKeeping Faith: _bembracing the tensions in christian higher education |
|
| 260 | _c1996 | ||
| 300 |
_avii, 151 páginas : _c23 cm. |
||
| 650 | _aGEN | ||
| 654 | _aCED | ||
| 942 |
_cLIB _dJUS _fJUS _2ddc _n |
||
| 999 |
_c8452 _d8452 |
||